000
00304nam a22001337a 4500
020
_a
978-81-8388-613-0
082
_a
494
_b
SPI/H
100
_a
SPIDER BOOKS
245
_a
HINDI ALPHABET
_b
LEARN TO WRITE
260
_a
CHENNAI
_b
SPIDER BOOKS
300
_a
48
650
_a
HINDI LEARNING
_z
INDIA
942
_c
BK
999
_c
2276
_d
2276